ZGADNIJ JĘZYK - Statystyki

Ogólne statystyki
  • Ten quiz został rozwiązany 459 razy
  • Średni wynik to 10 z 15
Statystyki odpowiedzi
txt język % Poprawnych
Moim ulubionym dniem tygodnia jest piątek. polski
100%
Heute habe ich mit meinem Freund gesprochen. niemiecki
95%
我希望你喜欢这个测验。 chiński/mandaryński
85%
Надеюсь, ты сегодня хорошо себя чувствуешь. rosyjski
83%
寿司はおいしいです。 japoński
82%
Jaká je vaše oblíbená země? czeski
78%
당신이 가장 좋아하는 요리는 무엇입니까? koreański
76%
Eu adoro assistir a copa do mundo. portugalski
76%
Den svenska flaggan är blå och gul. szwedzki
63%
Pourquoi le temps passe-t-il si vite ? francuski
59%
Niekto ťa miluje. słowacki
50%
Bu ülkeden dizi izlemeyi seviyor musunuz? turecki
50%
Sanotaan, että Suomi on onnellisin maa. fiński
49%
पैसा खुशी नहीं लाता है। hindi
37%
فارسی زبان رسمی ایران است. perski
28%
Nie znaleziono quizów pasujących do podanych kryteriów
Rozkład punktacji
Procent ludzi z każdym wynikiem
Percentyl według liczby udzielonych odpowiedzi
Twoja historia wyników
Nie rozwiązałeś tego quizu